Instructional message design : principles from the behavioral and cognitive sciences

Αποθηκεύτηκε σε:
Λεπτομέρειες βιβλιογραφικής εγγραφής
Άλλοι συγγραφείς: Fleming, Malcolm L. (Επιμελητής έκδοσης), Levie, W. Howard (Επιμελητής έκδοσης)
Μορφή: Βιβλίο
Γλώσσα:English
Δημοσίευση: Englewood Cliffs, N.J. : Educational Technology Publications, c1993
Έκδοση:2nd ed
Θέματα:
Ετικέτες: Προσθήκη ετικέτας
Δεν υπάρχουν, Καταχωρήστε ετικέτα πρώτοι!

MARC

LEADER 00000cam a2200000 i 4500
001 1/73884
008 980605s1993 eng d
020 |a 0-87778-253-9 
035 |l 10031637 
035 |a 1995  |b 3  |c Μεϊμάρης 
040 |a GR-MY-UA  |b gre  |e aacr 
041 0 |a eng 
082 0 |a 371.3  |2 (20) 
245 1 0 |a Instructional message design :  |b principles from the behavioral and cognitive sciences /  |c Malcolm Fleming and W. Howard Levie, editors ; contributors, Anne Bednar ... [et al.] 
250 |a 2nd ed 
260 |a Englewood Cliffs, N.J. :   |b Educational Technology Publications,   |c c1993 
300 |a xv, 331 p.;  |b ill.;  |c 26 cm 
500 |a Rev. ed of: Instructional message deseign / Malcolm Fleming and W. Howard Levie. 1976 
504 |a Includes bibliographical references and indexes 
650 0 0 |a Instructional systems  |x Design. 
700 1 |a Fleming, Malcolm L.  |4 edt 
700 1 |a Levie, W. Howard.  |4 edt 
852 |a INST  |b RHODES  |e 19980605  |h 371.3 INS  |p 005400011671  |q 005400011671  |t BK  |y 0 
909 |a Ρ  |b 043429  |c 1995